[Event "NED-ch56"]
[Site "Leeuwarden"]
[Date "2001.06.22"]
[Round "2"]
[White "Van der Wiel, John"]
[Black "Van den Doel, Erik"]
[Result "0-1"]
[WhiteElo "2493"]
[BlackElo "2574"]
[Annotator "Van den Doel,E"]
[PlyCount "86"]
[EventDate "2001.06.20"]
[EventType "tourn"]
[EventRounds "9"]
[EventCountry "NED"]
[EventCategory "12"]
[SourceTitle "EXT 2018"]
[Source "ChessBase"]
[SourceDate "2017.10.13"]
[SourceVersion "1"]
[SourceVersionDate "2017.10.13"]
[SourceQuality "1"]

1. e4 e5 2. Nf3 Nc6 3. Bb5 Nf6 4. O-O Nxe4 5. d4 Nd6 6. Bxc6 dxc6 7. dxe5 Nf5
8. Qxd8+ Kxd8 {The Berlin Wall yielded me many points. Contrairy to what many
people think we are still in the middlegame, not in an endgame.} 9. Nbd2 {
This move has the advantage that White can still play c2-c4 later. It's
disadvantage is that the knight doesn't control the d5-square.} h6 10. b3 a5
11. a4 Be6 12. Ba3 Bxa3 $1 {No problem to give up the pair of bishops.} 13.
Rxa3 Kc8 14. Rd1 Rd8 15. Raa1 b5 $1 {Taking the initiative on the queenside.
The temporarily weakness of the c5-square is not a problem as it can be
covered by moving the king to b6.} 16. Kf1 Kb7 17. Ne4 Kb6 18. Ke1 {White has
no plan.} Bd5 19. Ned2 b4 20. Ke2 Re8 {When one's opponent has no plan one
should improve one's position as much as possible, before taking action.} 21.
Kf1 Rad8 22. Rac1 c5 {[%tqu "En","What should black play now?","","","h2h3","",
10]} 23. h3 g5 $1 {Stopping a future attempt to defend the pawn on e5 by f2-f4.
} 24. Re1 (24. g3 Nd4 25. Nxd4 cxd4 26. f4 gxf4 27. gxf4 Rg8 {Wins for black.})
(24. c3 {was the best try, even though it weakens the pawn at b3.} Ne7 25. Re1
Ng6 {idea: Re6 and Rde8.} 26. cxb4 cxb4 27. Nc4+ Bxc4+ 28. Rxc4 Rd5 29. Rce4
Nf4 30. g3 Ne6 {and Black is still better.}) 24... Nd4 25. Nxd4 cxd4 26. Rcd1 (
26. g3 Re6 {and the rook can go to c6.}) 26... Re6 27. Ne4 Bxe4 (27... Rxe5 28.
Rxd4 Rde8 29. f3 f5 30. Red1 Bxb3 31. cxb3 fxe4 32. fxe4 Rxe4 {would have been
better.Black is winning.}) 28. Rxe4 c5 29. Rd3 (29. g3 {was better.} Rde8 30.
f4 Kc6) 29... f5 30. Re2 c4 $2 (30... Rde8 {is just winning. Now White gets
the opportunity to play g3 and f4, supporting his weak pawn.}) 31. bxc4 Kc5 32.
Rf3 $2 (32. g3 Kxc4 33. f4 gxf4 34. gxf4 Kd5 {and most of the advantage is
gone.}) 32... f4 33. g3 fxg3 34. fxg3 Kxc4 35. Re4 Rd5 36. Rd3 Rexe5 37. Rdxd4+
{A very picturesque position!} Kc3 {The white queenside collapses.} 38. Rc4+
Kb2 39. Rxe5 Rxe5 40. Kf2 Ka3 41. Rc6 Kxa4 42. g4 Ka3 43. Rxh6 Rc5 0-1

[Event "Albena-08"]
[Site "Albena"]
[Date "1976.09.06"]
[Round "6"]
[White "Vogt, Lothar"]
[Black "Filip, Miroslav"]
[Result "1/2-1/2"]
[WhiteElo "2480"]
[BlackElo "2495"]
[Annotator "Vogt,L"]
[PlyCount "91"]
[EventDate "1976.09.01"]
[EventType "tourn"]
[EventRounds "13"]
[EventCountry "BUL"]
[EventCategory "7"]
[SourceTitle "EXT 2005"]
[Source "ChessBase"]
[SourceDate "2004.11.15"]
[SourceVersion "1"]
[SourceVersionDate "2004.11.15"]
[SourceQuality "1"]

1. e4 e5 2. Nf3 Nc6 3. Bb5 Nf6 4. O-O Nxe4 5. d4 Nd6 6. Bxc6 dxc6 7. dxe5 Nf5
8. Qxd8+ Kxd8 9. b3 h6 10. Bb2 Be6 11. Nbd2 c5 12. Ne4 b6 13. h3 Kc8 14. c4 g6
15. g4 Ne7 16. Ne1 Bg7 17. f4 h5 18. Ng5 hxg4 19. Nxe6 fxe6 20. hxg4 Rh4 21.
Kg2 Kb7 22. Kg3 Rah8 23. Nf3 Rh3+ 24. Kg2 g5 25. Bc1 gxf4 26. Bxf4 Ng6 27. Bg3
R3h6 28. Rad1 Kc6 29. Rfe1 Rf8 30. Re4 Ne7 31. Rd3 Ng6 32. a3 Rhh8 33. b4 Rd8
34. b5+ Kb7 35. Ree3 Bh6 36. g5 Bg7 37. Rxd8 Rxd8 38. Nh4 $2 (38. Kf2) 38...
Nxh4+ 39. Bxh4 Rd4 40. Kg3 (40. Kh3 Rxc4 41. g6 Rc1 42. Bf6 (42. Kg4 Rg1+ 43.
Kh5 Rh1 $17) 42... Bh6) 40... Rxc4 41. g6 Rc3 42. Kf3 Rxe3+ 43. Kxe3 Bxe5 44.
Ke4 Bg7 45. Bg3 c4 46. Be5 1/2-1/2

[Event "EU-ch 16th"]
[Site "Jerusalem"]
[Date "2015.03.01"]
[Round "5"]
[White "Volokitin, Andrei"]
[Black "Vocaturo, Daniele"]
[Result "1-0"]
[WhiteElo "2646"]
[BlackElo "2579"]
[Annotator "Volokitin,A"]
[PlyCount "75"]
[EventDate "2015.02.24"]
[EventType "swiss"]
[EventRounds "11"]
[EventCountry "ISR"]
[SourceTitle "CBM 166"]
[Source "ChessBase"]
[SourceDate "2015.05.11"]
[SourceVersion "1"]
[SourceVersionDate "2015.05.11"]
[SourceQuality "1"]

1. e4 e5 2. Nf3 Nc6 3. Bb5 Nf6 {Eine Überraschung. Mein Gegner hat früher nie
die Berliner Mauer gespielt.} 4. O-O Nxe4 5. d4 Nd6 6. Bxc6 dxc6 7. dxe5 Nf5 8.
Qxd8+ Kxd8 9. Rd1+ {Ich entschied, den Plan mit Rd1+ zu spielen.} Ke8 {Es gibt
jetzt keinen Plan mit ...Bd7 und ...Kc8! Der schwarze König muss im Zentrum
bleiben.} 10. Nc3 Ne7 {Der Springerzug öffnet den Läufer c8.} 11. h3 Ng6 12. b3
{Weiß entwickelt seine Figuren sehr typisch.} Be7 13. Bb2 ({Wahrscheinlich ist
genauer} 13. Ne4 {und} Bf5 $140 $2 {ist hier schwach} 14. Ng3 Bxc2 15. Rd2 $18)
13... Bf5 {Vocaturo folgt meiner Partie gegen Ragger aus der Bundesliga.} ({
Auch möglich ist} 13... f6 {mit der Idee ...Kf7.}) 14. Nd4 Bd7 15. Re1 $1 {
In der Partie gegen Ragger habe ich schwächer gespielt:} (15. Ne4 $6 Nxe5 $1
16. Ng3 f6 17. Ndf5 Bf8 $1 18. Rd2 Bxf5 $1 19. Nxf5 Rd8 $1 $15 {und Schwarz
steht sogar etwas besser.}) 15... Rd8 ({Der Zug} 15... Nf4 {verhindert e6,
aber löst nicht alle Probleme. Zum Beispiel} 16. Rad1 Rd8 17. Ne4 {Es droht Sf6
} Bc8 18. Bc1 Ne6 (18... Ng6 19. Bg5 Bxg5 20. Nxg5 Ke7 21. e6 fxe6 22. Ngxe6
Bxe6 23. Rxe6+ Kf7 24. Ree1 $14) 19. Nf5 $14) 16. e6 $1 {Ein typischer Vorstoß.
Sonst kann Schwarz einfach ...c5 spielen - mit gutem Spiel.} (16. Ne4 c5) 16...
Bc8 {Logisch.} ({Nach} 16... fxe6 17. Nxe6 Bxe6 18. Rxe6 Kf7 19. Rae1 {
beurteile ich die Stellung als etwas besser für Weiß, aber mit großen
Schwierigkeiten die Partie zu gewinnen.}) 17. Nf5 $1 ({Nach} 17. exf7+ Kxf7 {
hat Schwarz das Läuferpaar als genügende Kompensation für die schlechte
Struktur.}) 17... Bf6 ({Nach} 17... fxe6 {hat Weiß zwei Möglichkeiten:} {
Zweitens ist einfach den Bauern zurückgewinnen:} 18. Nxg7+ ({Erstens den
Läufer zu schlagen:} 18. Nxe7 $1 Kxe7 19. Ne4 {Weiß gewinnt sehr schnell den
Bauern zurück.} e5 (19... Rhg8 20. Ba3+ Ke8 21. Ng5 Rd5 22. Nxe6 Bxe6 23. Rxe6+
Kf7 24. Re2 $14) 20. Ng5 h6 21. Nf3 Rhe8 22. Re3 $1 $14 {Weiß hat die
Möglichkeit mit Springer oder Läufer auf e5 zu nehmen.}) 18... Kf7 19. Nh5 Rhg8
20. Ne4 Nh4 21. Nhg3 b6 $11 {Hier hat Schwarz als Kompensation für seine
schlechte Struktur: Läuferpaar, offene g-Linie und nach ...Bb7, ...c5 ist die
Stellung dynamisch ausgeglichen.}) 18. Na4 Bxb2 ({Hier habe ich auch gerechnet:
} 18... fxe6 $6 19. Nxg7+ Bxg7 20. Bxg7 Rg8 21. Be5 $1 Rd2 22. Rac1 {Die
zeitweise Aktivität der schwarzen Figuren kompensiert nicht die schlechte
Struktur und den passiven Läufer.} Nh4 (22... Nxe5 23. Rxe5 Rf8 24. f3 Rg8 25.
g4 Rf8 26. Re3 $14 {Der Springer geht nach e4 mit großem Vorteil.}) 23. Kf1 $1
{Eine taktisch Nuance.} Rxg2 ({Nach} 23... Nxg2 24. Re4 {geht der Springer
verloren.}) 24. Bg3 Rxg3 25. fxg3 Nf5 26. Nc3 Nxg3+ 27. Kg1 $14) 19. Nxb2 Rd5 {
Ein Tempoverlust.} ({Stärker war} 19... Rg8 $142 $1 {und Weiß muss sowieso auf
f7 nehmen.} 20. exf7+ Kxf7 21. Ng3 $14 {Ich beurteile diese Stellung als etwas
besser für Weiß. Der Plan ist alle Türme zu tauschen, die Figuren zu
zentralisieren und die Königsflügelbauern nach vorne zu ziehen.}) 20. exf7+ ({
Sinnvoll war ein nützlicher Zug:} 20. g4 $1 Rg8 21. exf7+ Kxf7 22. Ne3 $14)
20... Kxf7 21. Ne3 Re5 $6 {Ein seltsamer Zug. Schwarz verliert noch ein Tempo.}
({Besser war} 21... Rdd8) 22. Nd3 Re7 23. f3 {Weiß bereitet Kf2 vor, mit der
Idee alle Türme zu tauschen.} h5 24. g4 ({Nach} 24. Kf2 {hat mir die Fixierung
der weißen Struktur nicht gefallen.} h4 $1) 24... b6 25. Ng2 c5 26. Rxe7+ ({
Auch möglich war} 26. Kf2 hxg4 27. hxg4 {mit typischem Vorteil für Weiß.})
26... Nxe7 27. Ngf4 g6 $2 {Nach diesem Zug haben die Probleme für Schwarz
begonnen. Der Bauer auf g6 kann attackiert werden.} ({Nach dem richtigen} 27...
hxg4 {ist das Endspiel immer etwas besser für Weiß, aber Schwarz kann mit
richtigem Spiel Remis halten.} 28. fxg4 $5 ({Oder} 28. hxg4 Nc6 29. Re1 Rd8)
28... g5 29. Nh5 Nc6 30. Rf1+ Ke7 31. Re1+ Kf7) 28. Re1 Nc6 29. Nd5 $1 hxg4 ({
Die besten Chancen auf Remis bot} 29... Rd8 $1 30. Nxc7 Nb4 $1 {Schwarz opfert
einen Bauern für die Aktivität seiner Figuren.} 31. Nxb4 cxb4 32. Re4 Rd2 33.
Rxb4 Rxc2 34. Nb5 Bd7 $1 $14) 30. hxg4 Ba6 $2 {Dieser Zug ist einfach schwach.
Schwarz verbessert die Stellung der weißen Figuren.} ({Besser war} 30... Rd8 $1
31. Nxc7 Nb4 32. Nxb4 cxb4 33. Re4 Rd2 34. Rxb4 Rxc2 35. Nb5 $14) 31. N3f4 $1
$16 {Jetzt ist das Endspiel für Schwarz sehr unangenehm und ich glaube sogar
verloren.} Bb7 (31... Rd8 $5 32. c4 Bc8 33. Kg2 $16) 32. Re6 $1 $18 {Weiß
benutzt das schwache Feld f6 und muss die Bauern und die Partie gewinnen.} g5
33. Rf6+ Ke8 34. Ng6 $1 {Stark. Ich habe gerechnet, dass Schwarz Probleme mit
dem Turm hat.} Rg8 (34... Rh6 35. Nxc7+ Kd8 36. Ne6+ Kc8 37. Nxg5 $18) 35. Rxc6
$1 {Die kleine schöne Kombination am Ende.} Bxc6 36. Nf6+ Kf7 ({Oder} 36... Kd8
37. Nxg8 Bxf3 38. Nf6 Bd1 39. c4 Bc2 40. Ne5 Bb1 41. Nf3 $1 Bxa2 42. Nd2 $18 {
mit der Idee Nd5-c3und Schwarz verliert den Läufer.}) 37. Nxg8 Ke6 38. Kf2 1-0

[Event "YUG-ch 57th"]
[Site "Banja Koviljaca"]
[Date "2002.03.23"]
[Round "7"]
[White "Savic, Miodrag R"]
[Black "Abramovic, Bosko"]
[Result "1-0"]
[WhiteElo "2469"]
[BlackElo "2524"]
[Annotator "Wedberg,T"]
[PlyCount "53"]
[EventDate "2002.03.16"]
[EventType "tourn"]
[EventRounds "13"]
[EventCountry "YUG"]
[EventCategory "10"]
[SourceTitle "CBM 089"]
[Source "ChessBase"]
[SourceDate "2002.08.12"]
[SourceVersion "1"]
[SourceVersionDate "2002.08.12"]
[SourceQuality "1"]

1. e4 e5 2. Nf3 Nc6 3. Bb5 Nf6 4. O-O Nxe4 5. Re1 Nd6 6. Nxe5 Nxe5 {Innocent
looking, but considered more risky than the alternative.} ({The theory runs
something like this:} 6... Be7 7. Bd3 (7. Bf1 Nxe5 8. Rxe5 O-O {and Bf6 =.})
7... O-O 8. Nc3 (8. Qh5 f5 $11) 8... Bf6 $11) 7. Rxe5+ Be7 8. Bd3 (8. Nc3 {
is sometimes given an !, but it only leads to a transposition after} O-O ({
but not} 8... Nxb5 $2 9. Nd5 $1 $40) {since} 9. Nd5 Bf6 10. Nxf6+ Qxf6 11. Qe2
Nxb5 12. Qxb5 d6 {is dead equal. 1/2-1/2 Neal,L-Gooding,G/London,Canada 1995/
EXT 2001 (56)}) 8... O-O 9. Nc3 Bf6 10. Re3 Re8 $6 (10... g6 $5 11. b3 b6 12.
Ba3 (12. Qg4 Bb7 13. Bb2 Ne8 (13... Bg7 14. Rae1 f5 15. Qh3 Re8 $11 {1/2-1/2
Smyslov,V-Koblencs,A/Moscow 1945/URS-ch (25)}) 14. Rh3 d5 15. Qf4 Bg5 16. Qe5
Bf6 17. Qf4 Bg5 18. Qe5 Bf6 19. Qf4 Bg5 {1/2-1/2 Kasparov,G-Vasilienko/Tbilisi
1976/EXT 2001 (19)}) 12... Bb7 13. Qg4 (13. Bxd6 $5) 13... c5 14. Rae1 Re8 $11
{0-1 Yu Shaoteng-Zhang Zhong/Moscow 2001/CBM 86 (25)}) 11. Nd5 $146 {Black has
problems here. He has to develop and defend at the same time. White will at
least get a slight advantage with the pair of B:s.} (11. b3 Rxe3 12. fxe3 Bxc3
13. dxc3 b6 $11 {1/2-1/2 Janowski,D-Walbrodt,C/Berlin 1897/EXT 99 (34)}) 11...
Bg5 $6 (11... Bd4 12. Rxe8+ Nxe8 13. Qg4 Bb6 14. Qe4 g6 15. b4 $40) (11... Re6
$142 $5) 12. f4 $1 Rxe3 13. dxe3 Bh6 14. Qh5 $40 Ne8 15. g4 $1 $18 {Game over.}
c6 16. Nc3 Nf6 17. Qh4 d5 18. g5 Ng4 19. h3 d4 20. hxg4 dxc3 21. bxc3 Be6 22.
Qh5 Qd5 23. Kf2 g6 24. Qxh6 Bxg4 25. e4 Qc5+ 26. Be3 Qxc3 27. Rh1 1-0

[Event "Odorheiu Secuiesc zt"]
[Site "Odorheiu Secuiesc"]
[Date "1995.??.??"]
[Round "3"]
[White "Almasi, Zoltan"]
[Black "Dumitrache, Dragos Nicolae"]
[Result "1-0"]
[WhiteElo "2590"]
[BlackElo "2530"]
[Annotator "Wedberg,T"]
[PlyCount "135"]
[EventDate "1995.03.??"]
[EventType "swiss"]
[EventRounds "9"]
[EventCountry "ROU"]
[SourceTitle "CBM 047"]
[Source "ChessBase"]
[SourceDate "1995.08.01"]
[SourceVersion "1"]
[SourceVersionDate "1995.08.01"]
[SourceQuality "1"]

1. e4 e5 2. Nf3 Nc6 3. Bb5 Nf6 4. O-O Nxe4 5. d4 Nd6 6. Bxc6 dxc6 7. dxe5 Nf5
8. Qxd8+ Kxd8 9. Rd1+ (9. Nc3 $142) 9... Ke8 10. Nc3 Ne7 11. Nd4 Ng6 (11... a6
12. h3 Ng6 13. f4 Bc5 14. Be3 h5 15. Nce2 Ne7 {=/Leko,P-Almasi,Z/Wijk op/1995})
12. Bg5 (12. Ndb5 $6 cxb5 13. Nxb5 Rb8 14. Nxc7+ Ke7 15. Bg5+ f6 16. exf6+ gxf6
17. Nd5+ Kf7 18. Bxf6 Rg8 $15) (12. f4 Bc5 $10) 12... Bd7 (12... h6 13. Ndb5
hxg5 14. Nxc7+ Ke7 15. Nxa8 $16) 13. Re1 h6 14. Bd2 Bc5 15. Nb3 Be7 16. Ne4
Nxe5 (16... b6 17. Nf6+ gxf6 18. exf6 Be6 19. fxe7 Kxe7 20. Nd4 $14) (16... Be6
17. Nbc5 b6 18. Nxe6 fxe6 $13) 17. Bc3 f6 18. Bxe5 fxe5 19. Nec5 Bc8 (19... b6
$2 20. Rxe5 bxc5 21. Rae1 $18) 20. Nd3 (20. Rxe5 Kf7 $15) 20... Rf8 21. Nxe5
$36 Rf6 22. Re2 Kf8 23. Rae1 Bd6 24. Nd4 Kg8 25. c3 a6 26. Nc4 Bd7 27. Nxd6
cxd6 28. Re7 Rf7 29. Nb3 Rxe7 30. Rxe7 Rd8 31. Na5 Kf8 32. Re3 Bc8 33. f3 c5
34. Nc4 b5 35. Nd2 Kf7 $10 36. a3 a5 37. Kf2 Be6 38. Ne4 Bd5 39. h4 Rd7 (39...
Bxe4 $10) 40. g4 a4 41. Nd2 Rb7 $6 42. Rd3 Ke6 43. f4 $36 Bc6 44. f5+ Ke7 45.
Re3+ Kf7 46. Kg3 Rb8 (46... b4 47. Nc4 $40) (46... d5 47. Nf3 $40) 47. Kf4 Rd8
48. g5 hxg5+ 49. hxg5 b4 50. g6+ Kf8 51. Rh3 $16 bxa3 52. bxa3 Bd5 53. Kg5 Re8
54. c4 Bg8 55. Rd3 Ke7 56. Ne4 Bxc4 57. Rxd6 Rc8 58. Rb6 Rc7 59. Kf4 Bb3 60.
Ke5 c4 61. Nc3 Rc5+ 62. Nd5+ Kd7 63. Rd6+ Ke8 64. Kd4 Rc8 65. f6 gxf6 66. Rxf6
c3 67. g7 Bxd5 68. Rf8+ 1-0

[Event "Linares 19th"]
[Site "Linares"]
[Date "2002.02.26"]
[Round "4"]
[White "Adams, Michael"]
[Black "Vallejo Pons, Francisco"]
[Result "1/2-1/2"]
[WhiteElo "2742"]
[BlackElo "2629"]
[Annotator "Wedberg,T"]
[PlyCount "47"]
[EventDate "2002.02.22"]
[EventType "tourn"]
[EventRounds "14"]
[EventCountry "ESP"]
[EventCategory "20"]
[SourceTitle "CBM 088"]
[Source "ChessBase"]
[SourceDate "2002.03.21"]
[SourceVersion "1"]
[SourceVersionDate "2002.03.21"]
[SourceQuality "1"]

1. e4 e5 2. Nf3 Nc6 3. Bb5 Nf6 4. O-O Nxe4 5. d4 Nd6 6. Bxc6 dxc6 7. dxe5 Nf5
8. Qxd8+ Kxd8 9. Nc3 Ne7 {This move is 'old' compared to the fashionable Bd7.
The manouvre Ne7-g6 was a revelation some six years ago. Now it´s considered
standard.} 10. b3 {White has tried a number of alternatives but all the
evidence points to the fact that b2 is the best square for the B in the Berlin.
The reasons are: 1) The B is out of the way in the centre. 2) The B is well
shielded and cannot be attacked by the black N. 3) The long term threat e5-e6
is stronger with the B on the long diagonal.} (10. Ne4 Ke8 11. h3 Ng6 12. Re1
h6 13. b3 a5 14. a4 c5 15. Be3 b6 16. Rad1 Be7 17. c4 Bb7 18. Bc1 Rd8 19. Rxd8+
Kxd8 $15 {1/2-1/2 Georgiev,K-Miles,A/Saint Vincent 2000/CBM 78 (48)}) (10. h3
Ng6 11. Re1 (11. Bg5+ $5 {see Shirov - Vallejo Pons, Linares 2002.}) 11... Bb4
12. Bd2 Be6 13. Rad1 Ke8 14. a3 Bxc3 15. Bxc3 c5 $11 {1/2-1/2 Feher,G-Sherzer,
A/HUN 1998/EXT 2000 (100)}) (10. Re1 h6 11. h3 Ng6 12. Bd2 Bd7 $13 {1/2-1/2
Anand,V-Vallejo Pons,F/Linares 2002/CBM 88_01 (29)}) 10... Bg4 $146 {A new try.
} (10... Ng6 11. h3 (11. Bb2 Ke8 12. Ne4 h6 13. h3 c5 14. Kh2 Be6 15. Rae1 Kd7
16. Ng1 Kc6 17. f4 Ne7 18. g4 g6 19. c4 b6 20. Re3 h5 $132 {1/2-1/2 De Vreugt,
D-Markowski,T/Germany 2001/EXT 2002 (31)}) 11... Ke8 12. Bb2 h5 13. Ne4 h4 14.
Rae1 Nf4 15. Nd4 Rh5 16. Kh2 Bd7 17. Bc1 Ne6 18. Nxe6 Bxe6 19. Ng5 Rd8 20. Nxe6
fxe6 $11 {1-0 De Vreugt,D-Markowski,T/Ohrid 2001/CBM 84 (51)}) 11. Ng5 Ke8 12.
Bb2 Nd5 13. h3 Bf5 14. g4 Bd7 (14... Bxc2 15. Nxd5 cxd5 16. Rac1 $16) 15. Ne2
h5 $6 {White is allowed to keep his strong N on g5.} (15... h6 $142 $5 16. Ne4
(16. e6 hxg5 17. exd7+ Kxd7 $17) 16... h5 17. c4 Nb4 18. f3 $13) 16. c4 Nb4 17.
Rad1 $1 $36 {[%mdl 2048]} hxg4 18. Nxf7 $1 Kxf7 (18... Rxh3 $2 19. Nf4 Rf3 20.
e6 Rxf4 (20... Bxe6 21. Nxe6 Rxf7 22. Rfe1 $18) 21. exd7+ Kxf7 22. d8=Q Rxd8
23. Rxd8 $16) 19. Rxd7+ Ke6 20. Rxc7 Nd3 21. Bd4 Rxh3 22. Be3 g5 23. Rxb7 Nxe5
24. Kg2 $14 {White seems to be better here, so the draw is somewhat surprising.
} (24. Kg2 Bd6 25. Rxa7 Rxa7 26. Bxa7 Nf3 27. Nd4+ Nxd4 28. Bxd4 Rh2+ 29. Kg1
g3 30. fxg3 Rxa2 31. Rf2 Ra3 32. Rf3 $14) 1/2-1/2

[Event "Linares 19th"]
[Site "Linares"]
[Date "2002.03.01"]
[Round "6"]
[White "Shirov, Alexei"]
[Black "Vallejo Pons, Francisco"]
[Result "1/2-1/2"]
[WhiteElo "2715"]
[BlackElo "2629"]
[Annotator "Wedberg,T"]
[PlyCount "66"]
[EventDate "2002.02.22"]
[EventType "tourn"]
[EventRounds "14"]
[EventCountry "ESP"]
[EventCategory "20"]
[SourceTitle "CBM 088"]
[Source "ChessBase"]
[SourceDate "2002.03.21"]
[SourceVersion "1"]
[SourceVersionDate "2002.03.21"]
[SourceQuality "1"]

1. e4 e5 2. Nf3 Nc6 3. Bb5 Nf6 4. O-O Nxe4 5. d4 Nd6 6. Bxc6 dxc6 7. dxe5 Nf5
8. Qxd8+ Kxd8 9. Nc3 Ne7 10. h3 Ng6 11. Bg5+ Ke8 12. Rad1 Be7 $146 (12... Bd7
13. Rd2 Be7 14. Rfd1 Rd8 15. Ne4 h6 16. Bxe7 Kxe7 17. Nc5 Bc8 18. b4 Rxd2 19.
Rxd2 Re8 20. Kh2 Kf8 $11 {1/2-1/2 Konguvel,P-Markowski,T/Biel 2001/CBM 83 ext 
(40)}) (12... Be6 13. Nd4 Bb4 14. Nxe6 fxe6 15. Ne4 Nxe5 16. Bf4 Nf7 17. Bxc7
$14 {1-0 Ivanchuk,V-Shirov,A/Monte Carlo 1998/CBM 63 ext (59)}) 13. Bxe7 Kxe7
14. Nd4 $5 Nf4 (14... Nxe5 {risky} 15. Rfe1 Kf6 16. b3 $1 {with a lasting
initiative for White.}) 15. Ne4 $14 {There is no doubt that White has a slight
advantage here. The question is how serious it will get.} Rd8 16. Rfe1 Rd5 17.
c4 $5 Rd8 (17... Rxe5 $5 {looks dubious, but might well be the best move.} 18.
Nf3 Re6 19. g3 $5 (19. Nfg5 Re5 20. Nf3 $11) 19... Nxh3+ 20. Kg2 $36 {[%csl
Rh3]}) 18. Kh2 a5 19. g4 a4 20. Kg3 Ne6 21. Nf5+ Kf8 22. f4 $16 {Now white´s
advantage is real and menacing. Black has a poor position.} b6 23. Rxd8+ Nxd8
24. Ne3 (24. Nd4 $5 $16 {keeping everything centralized and hitting c6 looks
good.}) 24... Ne6 25. f5 Nd4 26. Kf4 (26. Ng5 $5 $16 {[%cal Yg5f3]}) 26... Bb7
27. c5 a3 $1 28. b3 Ba6 $1 $132 {Finally Black is drummimng up some
counterplay. Vallejo proved to be quite a fighter i this tournament.} 29. cxb6
cxb6 30. Nd6 Rd8 31. Ndc4 Bxc4 32. Nxc4 b5 33. Nd6 f6 $1 $13 1/2-1/2